000 00611nam a2200181Ia 4500
008 090124s9999 xx 000 0 und d
082 _b10310
100 _aसाठे अण्णा भाऊ
245 _a चिरागनगरची भुतं
250 _a0
260 _bविद्यार्थी प्रकाशन
_c1978
300 _a78
600 _aसाठे अण्णा भाऊ
630 _a चिरागनगरची भुतं
700 _aसाठे अण्णा भाऊ
730 _a चिरागनगरची भुतं
942 _cBOOK
999 _c86123
_d86123